000 00428pab a2200169 454500
008 180718b2008 xxu||||| |||| 00| 0 eng d
100 _aDas, Manoshi Mitra
245 _aAgrarian reform: lessons from the Philippines
260 _c2008
300 _ap.32-34.
362 _a28 Jun
650 _aLand reform -Philippines
650 _aLand reform
773 _aEconomic and Political Weekly
908 _aN
909 _a79045
999 _c79045
_d79045